00462nam a2200169Ia 4500008004100000100001700041245004600058245005400104260000900158260000900167300002700176440003000203650001500233650001100248650001400259650001900273170510s9999 xx 000 0 und d aMelissa Wall aSyrian refugees and information precarity cMelissa Wall, Madeline Otis Campbell, Dana Janbek bSAGE c2017 apages240-254 ,February aNew Media & Societyv19:2 aCell phone aJordan aPrecarity aRefugees-Syria